A brief atlas of the human body / (Record no. 111715)

MARC details
000 -LEADER
campo de control de longitud fija 00956cam a2200325Ma 4500
001 - NÚMERO DE CONTROL
campo de control 86926
005 - FECHA Y HORA DE LA ÚLTIMA TRANSACCIÓN
campo de control 20230411090045.0
008 - DATOS DE LONGITUD FIJA--INFORMACIÓN GENERAL
campo de control de longitud fija 040105s2003 cau 000 0 eng d
035 ## - NÚMERO DE CONTROL DEL SISTEMA
Número de control de sistema (OCoLC)ocn423441074
040 ## - FUENTE DE CATALOGACIÓN
Centro catalogador/agencia de origen U9S
Lengua de catalogación fre
Centro/agencia transcriptor U9S
Centro/agencia modificador ZWZ
020 ## - NÚMERO INTERNACIONAL ESTÁNDAR DEL LIBRO
Número Internacional Estándar del Libro 0805353364
020 ## - NÚMERO INTERNACIONAL ESTÁNDAR DEL LIBRO
Número Internacional Estándar del Libro 9780805353365
029 1# - OTRO NÚMERO DE CONTROL DE SISTEMA (OCLC)
Identificador de la biblioteca OCLC ZWZ
Número de control de sistema 128052015
035 ## - NÚMERO DE CONTROL DEL SISTEMA
Número de control de sistema (OCoLC)423441074
060 #4 - SIGNATURA TOPOGRÁFICA DE LA NATIONAL LIBRARY OF MEDICINE
Número de clasificación QS17
Número de ítem H975 2003
049 ## - FONDOS LOCALES (OCLC)
Biblioteca depositaria GRAL
100 1# - ENTRADA PRINCIPAL--NOMBRE DE PERSONA
Nombre de persona Hutchinson, Matt.
245 12 - MENCIÓN DEL TÍTULO
Título A brief atlas of the human body /
Mención de responsabilidad, etc. Matt Hutchinson, Jon Mallatt , Elaine N. Marieb ; photographs by Ralph T. Hutchings.
260 ## - PUBLICACIÓN, DISTRIBUCIÓN, ETC.
Lugar de publicación, distribución, etc. San Francisco :
Nombre del editor, distribuidor, etc. B. Cummings,
Fecha de publicación, distribución, etc. 2003.
300 ## - DESCRIPCIÓN FÍSICA
Extensión vi, 97 p.
650 #6 - PUNTO DE ACCESO ADICIONAL DE MATERIA--TÉRMINO DE MATERIA
Término de materia o nombre geográfico como elemento de entrada Anatomie humaine
Subdivisión de forma Atlas.
650 #7 - PUNTO DE ACCESO ADICIONAL DE MATERIA--TÉRMINO DE MATERIA
Término de materia o nombre geográfico como elemento de entrada Anatomie humaine
Subdivisión general Atlas.
Fuente del encabezamiento o término ram
650 #7 - PUNTO DE ACCESO ADICIONAL DE MATERIA--TÉRMINO DE MATERIA
Término de materia o nombre geográfico como elemento de entrada Anatomie.
Fuente del encabezamiento o término fmesh
650 #7 - PUNTO DE ACCESO ADICIONAL DE MATERIA--TÉRMINO DE MATERIA
Término de materia o nombre geográfico como elemento de entrada Corps humain.
Fuente del encabezamiento o término fmesh
700 1# - ENTRADA AGREGADA--NOMBRE PERSONAL
Nombre de persona Mallatt, Jon.
700 1# - ENTRADA AGREGADA--NOMBRE PERSONAL
Nombre de persona Marieb, Elaine Nicpon,
Fechas asociadas al nombre 1936-
942 ## - ELEMENTOS DE ENTRADA SECUNDARIOS (KOHA)
Fuente del sistema de clasificación o colocación Clasificación de Library of Congress
Tipo de ítem Koha
946 ## - PROCESAMIENTO DE INFORMACIÓN LOCAL (OCLC)
a ccruz
994 ## -
-- C0
-- DRFGD
Holdings
Estatus retirado Estado de pérdida Fuente del sistema de clasificación o colocación Estado de daño No para préstamo Colección Biblioteca de origen Biblioteca actual Ubicación en estantería Fecha de adquisición Código de barras Visto por última vez Copia número Tipo de ítem Koha
    Clasificación de Library of Congress     Automatización y Procesos Técnicos Biblioteca Juan Bosch Biblioteca Juan Bosch Automatización y Procesos Técnicos (1er. Piso) 11/04/2023 00000080050 17/02/2019 1